000 00328nam a2200133Ia 4500
005 20260326235505.0
008 260326s9999||||xx |||||||||||||| ||und||
100 _aMijares Bracho, Carlos
245 0 _aTrĂ¡nsitos y demoras /
_cCarlos Mijares Bracho
260 _bISAD
300 _a191 p.
650 _aARQUITECTURA
942 _cBK
999 _c8159
_d8159